Zwischen Autonomie und Konfrontation - Bemerkungen zur Politik des Rates von Riga in der ersten Hälfte des 15. Jahrhunderts

Titel: Zwischen Autonomie und Konfrontation - Bemerkungen zur Politik des Rates von Riga in der ersten Hälfte des 15. Jahrhunderts
Verfasser:
In: Riga und der Ostseeraum, (2005), Seite 144-168, Tab.
alle Artikel anzeigen
Veröffentlicht: 2005
Format: Aufsatz
Sprache: Deutsch
Kein Bild verfügbar
X
alg: 39163977
001A    $01999:11-11-16 
001B    $01999:29-03-21 $t21:45:47.000 
001D    $01999:11-11-16 
001U    $0utf8 
001X    $00 
002@    $0Aox 
003@    $0391639773 
007A    $0391639773 $aHEB 
007T    $0Herd78946 
010@    $ager 
011@    $a2005 
021A    $aZwischen Autonomie und Konfrontation - Bemerkungen zur Politik des Rates von Riga in der ersten Hälfte des 15. Jahrhunderts 
028A    $aBrück $dThomas 
031A    $h144-168, Tab. $j2005 
037A    $aEnthält im Anhang Personenverzeichnisse (160-167) 
039B    $aIn $8--Aau--. Riga und der Ostseeraum. - Marburg : Verl. Herder-Institut, 2005. - VIII, 486 S.. - Ill., graph. Darst., Kt.. - ISBN 3-87969-319-6 $x200500000000000856 $9133615367 
045F    $a900.947960902 $eDDC23BSB 
045F/01 $a900 
045F/03 $f0902 
045F/03 $g4796 

lok: 39163977 78

exp: 39163977 78 1 #EPN
201B/01 $020-12-17 $t22:58:07.000 
201U/01 $0utf8 
203@/01 $078773425X 
208@/01 $a11-11-16 $be 
209A/01 $a/ $f000 $x00 
220C/01 $aTitelaufnehmer: cs 
244Z/01 $2Trx $#Latvija $#Lettland $#Łotwa $#Lotyšsko $8--Trx--Latvija $x01 $9391275879 
244Z/01 $#Riga $#Rīga $#Ryga $#Riega $#Riga in Lieffland $#Rigae Livonum $#Rygae $#Righa $74050042-1 $8--Tg1--Riga $x02 $9085139726 
244Z/01 $aGeschichte 1400-1450 $x03 
244Z/01 $2Trx $#linnavalitsus $#miesto taryba $#city council $#városi tanács $#rady miejskie $#rada mestská $#rada městská $#rada miejska $#radcy miejscy $8--Trx--Stadtrat $x04 $9391367404 
244Z/01 $2Trx $8--Trx--Einzelbeiträge $x05 $9391384570 
245Z/01 $a13.03 $x01 
245Z/01 $a06.02 $x02 
247C/01 $82080>Marburg/Lahn, Herder-Institut, Forschungsbibliothek, Bibliographieportal $9336309341
LEADER 00000caa a22000002c 4500
001 391639773
003 DE-603
005 20210329214547.0
007 tu
008 161111s2005 xx |||| | u00||u|ger c
035 |a (DE-599)HEB391639773 
040 |a DE-603  |b ger  |c DE-603  |d DE-603 
041 |a ger 
082 0 4 |8 1\u  |a 900.947960902  |q DE-101  |2 23/BSB 
085 |8 1\u  |b 900 
085 |8 1\u  |z 1  |s 0902 
085 |8 1\u  |z 2  |s 4796 
100 1 |a Brück, Thomas 
245 0 0 |a Zwischen Autonomie und Konfrontation - Bemerkungen zur Politik des Rates von Riga in der ersten Hälfte des 15. Jahrhunderts 
264 0 |c 2005 
500 |a Enthält im Anhang Personenverzeichnisse (160-167) 
773 0 8 |i In  |t Riga und der Ostseeraum  |d Marburg : Verl. Herder-Institut, 2005  |h VIII, 486 S., Ill., graph. Darst., Kt.  |z 3879693196  |g (2005), Seite 144-168, Tab.  |w (DE-603)133615367 
924 0 |9 2080  |a (DE-603)78773425X  |b DE-2080  |c HES  |d d  |g /